| 000 | 00471nam a22002057a 4500 | ||
|---|---|---|---|
| 001 | 21535 | ||
| 005 | 20260311135609.0 | ||
| 008 | 260311b |||||||| |||| 00| 0 spa d | ||
| 041 | _aESP | ||
| 082 |
_a627 _bM26 |
||
| 100 | _aMartínez Marín, Eduardo | ||
| 245 | _aHidráulica práctica | ||
| 260 |
_a : _b , _c2016 |
||
| 300 |
_axiii, 364 páginas : _b ; _c24 cm. |
||
| 440 | _a ; | ||
| 650 | _aTCA | ||
| 654 | _aCII | ||
| 700 | _a; | ||
| 942 |
_cLIB _dJUS _fJUS _2ddc |
||
| 999 |
_c21535 _d21535 |
||